logo

Bir Sreshtho Munshi Abdur Rouf Library
Jhenaidah Cadet College

The sandstorm : (Record no. 4776)

MARC details
000 -LEADER
fixed length control field 00826cam a22002771 4500
001 - CONTROL NUMBER
JCCL Control Number 4776
003 - CONTROL NUMBER IDENTIFIER
JCCL marc code BD-JhCC
005 - DATE AND TIME OF LATEST TRANSACTION
control field 20171203175350.0
008 - FIXED-LENGTH DATA ELEMENTS--GENERAL INFORMATION
fixed length control field 710506s1968 enkabcf b 000 0 eng
020 ## - INTERNATIONAL STANDARD BOOK NUMBER
International Standard Book Number 0436233800
035 ## - SYSTEM CONTROL NUMBER
system control number (BD-JhCC) 4776
040 ## - CATALOGING SOURCE
Original cataloging agency DLC
Transcribing agency DLC
Modifying agency DLC
041 ## - LANGUAGE CODE
Language code of Book eng
050 00 - LIBRARY OF CONGRESS CALL NUMBER
Classification number DS127.2
Item number .K5
082 00 - DEWEY DECIMAL CLASSIFICATION NUMBER
Classification number 956
Author mark and Year KIM 1968
100 1# - MAIN ENTRY--PERSONAL NAME
Personal name Kimche, David.
245 14 - TITLE STATEMENT
Title The sandstorm :
Remainder of title the Arab-Israeli war of June 1967: prelude and aftermath /
Statement of responsibility, etc David Kimche and Dan Bawley.
260 ## - PUBLICATION, DISTRIBUTION, ETC. (IMPRINT)
Place of publication, distribution, etc London,
Name of publisher, distributor, etc Secker & Warburg,
Date of publication, distribution, etc 1968.
300 ## - PHYSICAL DESCRIPTION
Pagination 319 p.
Other physical details 4 plates, illus., maps, ports.
Dimensions 23 cm.
350 ## - PRICE (NR) (BK AM CF MU VM SE) [OBSOLETE]
Price 35/-
504 ## - BIBLIOGRAPHY, ETC. NOTE
Bibliography, etc Bibliographical footnotes.
650 #0 - SUBJECT ADDED ENTRY--TOPICAL TERM
Topical term or geographic name as entry element Israel-Arab War, 1967
General subdivision Diplomatic history.
700 1# - ADDED ENTRY--PERSONAL NAME
Personal name Bawley, Dan,
Dates associated with a name 1929-
942 ## - ADDED ENTRY ELEMENTS (KOHA)
Source of classification or shelving scheme Dewey Decimal Classification
Koha item type Books
Holdings
Source of classification or shelving scheme Damaged status Not for loan Home library Current library Shelving location Date of accession Total Checkouts Full call number Barcode Date last seen Copy number Koha item type
Dewey Decimal Classification     JCC Rouf Library JCC Rouf Library General Stacks 12/03/2017   956 KIM 1968 6751 12/03/2017 C-1 Books

JCC Library | Contacts | JCC Home

Last Update on 23 September 2017
Copyright @ 2017-2020 JCC Rouf Library
Rouf Library, Jhenidah Cadet College (JCC), Bangladesh